| 000 | 00686nam a2200193 i 4500 | ||
|---|---|---|---|
| 001 | 140308 | ||
| 003 | ES-MaACL | ||
| 005 | 20250807214605.0 | ||
| 007 | t| | ||
| 008 | 070214s1908 fr |||| |cfre d | ||
| 100 | 1 |
_aSchurè, Edouard. _9219748 |
|
| 245 | 1 | 0 |
_aFemmes inspiratrices et poètes annonciateurs _b: Mathilde Wesendonck, Cosima Liszt, Marguerite Albana Mignaty, Charles de Pomairols, Mme Ackermann, Louis Le Carbonnel, Alexandre Saint-Yves / _cEdouard Schuré. |
| 260 |
_aParis : _bPerrin, _c1908. |
||
| 300 |
_a366 p. ; _c19 cm. |
||
| 650 | 0 | 4 |
_aMujeres- _yS.XIX _915313 |
| 650 | 0 | 4 |
_aCreación literaria. _911405 |
| 852 |
_aES-MaACL _jA-4077 |
||
| 999 |
_c140308 _d140308 |
||